| 000 | 00993cas a22002295a 4500 | ||
|---|---|---|---|
| 001 | L131022 | ||
| 008 | 050921d19231985sa qr p 0 a0eng u | ||
| 035 | _a(Sirsi) u131022 | ||
| 041 | 1 |
_aeng _aafr |
|
| 110 | 2 |
_aInstitute of Land Surveyors of the Union of South Africa and Southern Rhodesia _95287 |
|
| 240 | 0 | 0 | _aSA Survey Journal |
| 245 | 0 | 4 | _aThe South African Survey Journal |
| 260 |
_aCape Town _bs.n. _c1923-1985 |
||
| 362 | _a1(1) December 1923-19(3) (114) December 1984 | ||
| 520 | _aIncomplete holdings. | ||
| 520 | _a"The official organ of the Institute of Govenment Land Surveyors, Cape of Good Hope; the Institute of Land Surveyors of the Transvaal; the Surveyors' Institute of Natal; and the Orange Free State Surveyors' Association" (from cover of first issue). | ||
| 554 | _aFour per year | ||
| 651 | 4 | _aSouth Africa | |
| 690 | _aENVIRONMENTAL AND LAND CONSULTANCY-GEOMATICS-LAND SURVEYING | ||
| 785 | 0 | 0 | _tSouth African Journal of Surveying and Mapping |
| 942 | _n0 | ||
| 999 |
_c118845 _d118845 |
||